Normal view
MARC view
- Muhammad Ali Masood Mudassir Amin Zohaib Ahmed
Entry Personal Name
001 - CONTROL NUMBER
- control field: 85662
003 - CONTROL NUMBER IDENTIFIER
- control field: NUST
005 - DATE AND TIME OF LATEST TRANSACTION
- control field: 20211203145431.0
008 - FIXED-LENGTH DATA ELEMENTS
- fixed length control field: 211203|| aca||aabn | a|a d
040 ## - CATALOGING SOURCE
- Original cataloging agency: NUST
- Transcribing agency: NUST
100 ## - HEADING--PERSONAL NAME
- Personal name: Muhammad Ali Masood Mudassir Amin Zohaib Ahmed
670 ## - SOURCE DATA FOUND
- Source citation: Work cat.: (NUST): Muhammad Ali Masood Mudassir Amin Zohaib Ahmed , PR-SOF-2059-Design and Analysis of a Fully Functional Rolleron, 2021.
